000 00726nai a2200193Ia 4500
003 IN-BaIIA
008 211028c9999 xx s 000 0 eng d
022 _a2156-342X (Print)
022 _a2156-3446 (Online)
040 _cIIA Library
245 0 _aIEEE Transactions on Terahertz Science and Technology
_h[eJournal]
260 _aNew York, USA
_bThe Institute of Electrical and Electronics Engineers, Inc. (IEEE)
310 _aBimonthly
362 _a1(1); 2011 - Present
521 _bSubscribed through National Knowledge Resource Consortium (NKRC)
650 _aFields, Waves and Electromagnetics
856 _uhttps://ieeexplore.ieee.org/servlet/opac?punumber=5503871
_yClick Here to Access eJournal
942 _cEJ
999 _c34751
_d34751